<?xml version="1.0" encoding="UTF-8"?>
<collection xmlns="http://www.loc.gov/MARC21/slim">
 <record>
  <leader>01628nam a2200325   4500</leader>
  <controlfield tag="001">DLU170180683</controlfield>
  <controlfield tag="005">##20170829</controlfield>
  <datafield tag="020" ind1="#" ind2="#">
   <subfield code="a">9786049480102</subfield>
  </datafield>
  <datafield tag="040" ind1="#" ind2="#">
   <subfield code="a">DLU</subfield>
   <subfield code="b">vie</subfield>
  </datafield>
  <datafield tag="041" ind1="#" ind2="#">
   <subfield code="a">vie</subfield>
  </datafield>
  <datafield tag="044" ind1="#" ind2="#">
   <subfield code="a">vn</subfield>
  </datafield>
  <datafield tag="082" ind1="#" ind2="#">
   <subfield code="a">348.01</subfield>
   <subfield code="b">Cac</subfield>
  </datafield>
  <datafield tag="245" ind1="#" ind2="#">
   <subfield code="a">Các án lệ của Hội đồng thẩm phán Toà án Nhân dân tối cao; Áp dụng các án lệ trong xét xử kể từ ngày 01-06-2016; Quyết định số 220/QĐ-CA ngày 06 tháng 04 năm 2016 của Chánh án Toà án Nhân dân tối cao về việc công bố án lệ /</subfield>
   <subfield code="c">Vũ Duy Khang tổng hợp.</subfield>
  </datafield>
  <datafield tag="246" ind1="#" ind2="#">
   <subfield code="a">Các án lệ của Hội đồng thẩm phán Toà án Nhân dân tối cao; Áp dụng các án lệ trong xét xử kể từ ngày 01-12-2016; Quyết định số 698/QĐ-CA ngày 17 tháng 10 năm 2016 của Chánh án Toà án Nhân dân tối cao</subfield>
  </datafield>
  <datafield tag="260" ind1="#" ind2="#">
   <subfield code="a">H. :</subfield>
   <subfield code="b">Hồng Đức,</subfield>
   <subfield code="c">2016.</subfield>
  </datafield>
  <datafield tag="300" ind1="#" ind2="#">
   <subfield code="a">439 tr. ;</subfield>
   <subfield code="c">28 cm.</subfield>
  </datafield>
  <datafield tag="505" ind1="#" ind2="#">
   <subfield code="a">Phần I. Quy trình lựa chọn, công bố và áp dụng án lệ -- Phần II. 06 án lệ của Hội đồng thẩm phán Toà án Nhân dân tối cao -- Phần III. Luật tổ chức Toà án Nhân dân năm 2014 và các văn bản có liên quan -- Phần IV. Các án lệ của Toà án Nhân dân tối cao áp dụng từ 01-12-2016 (Bốn án lệ).</subfield>
  </datafield>
  <datafield tag="650" ind1="#" ind2="#">
   <subfield code="a">Pháp luật</subfield>
   <subfield code="z">Việt Nam.</subfield>
  </datafield>
  <datafield tag="700" ind1="#" ind2="#">
   <subfield code="a">Vũ Duy Khang,</subfield>
   <subfield code="e">tổng hợp.</subfield>
  </datafield>
  <datafield tag="923" ind1="#" ind2="#">
   <subfield code="a">05/2016</subfield>
  </datafield>
  <datafield tag="991" ind1="#" ind2="#">
   <subfield code="a">SH</subfield>
  </datafield>
  <datafield tag="992" ind1="#" ind2="#">
   <subfield code="a">170000</subfield>
  </datafield>
  <datafield tag="994" ind1="#" ind2="#">
   <subfield code="a">DLU</subfield>
  </datafield>
  <datafield tag="900" ind1="#" ind2="#">
   <subfield code="a">True</subfield>
  </datafield>
  <datafield tag="911" ind1="#" ind2="#">
   <subfield code="a">Nguyễn Thanh Hương</subfield>
  </datafield>
  <datafield tag="925" ind1="#" ind2="#">
   <subfield code="a">G</subfield>
  </datafield>
  <datafield tag="926" ind1="#" ind2="#">
   <subfield code="a">A</subfield>
  </datafield>
  <datafield tag="927" ind1="#" ind2="#">
   <subfield code="a">SH</subfield>
  </datafield>
  <datafield tag="980" ind1="#" ind2="#">
   <subfield code="a">Thư viện Trường Đại học Đà Lạt</subfield>
  </datafield>
 </record>
</collection>
